| 000 | 00798nam a2200181 a 4500 | ||
|---|---|---|---|
| 001 | BRCA_413 | ||
| 005 | 20190320203011.0 | ||
| 008 | 960814s1996----mx-a#####c---s000-0#spa-# | ||
| 020 | _a9706240985 | ||
| 050 | 4 |
_aNK4210.W5 _b.W55 1996 |
|
| 245 | 1 | 0 |
_aJorge Wilmot _bcerámica. |
| 260 |
_a[México] _bMuseo Franz Mayer : Secretaría de Cultura del Gobierno de Jalisco : Instituto Cultural Cabañas _c1996 |
||
| 300 |
_a57 p. _bil. (algunas a color) _c28 cm. |
||
| 500 | _aCatálogo de la exposición realizada en el Museo Franz Mayer (Ciudad de México) julio-agosto 1996 y en el Instituto Cultural Cabañas (Guadalajara) agosto-octubre 1996 | ||
| 600 | 1 | 4 |
_aWilmot, Jorge _d1928- _vExposiciones _xColecciones de arte _91405 |
| 650 | 1 | 4 |
_aCerámica mexicana _vExposiciones _ySiglo XIX-XX _91406 |
| 942 |
_2lcc _cB |
||
| 999 |
_c348 _d348 |
||